|
|
|
|
| LEADER |
05924nam a22004817a 4500 |
| 001 |
43160 |
| 003 |
BD-DhAAL |
| 008 |
240922t2022 ii a|||| b||| 001 0 eng d |
| 020 |
|
|
|a 9789354663499
|
| 040 |
|
|
|a BD-DhAAL
|c BD-DhAAL
|
| 082 |
|
|
|a 612
|2 23
|
| 245 |
|
|
|a CC Chatterjee's human physiology.
|n Volume 2 /
|c edited by Nitin Ashok John.
|
| 250 |
|
|
|a Fourteenth edition.
|
| 264 |
|
|
|a New Delhi :
|b CBS Publishers,
|c 2022.
|
| 300 |
|
|
|a xviii, 522-1022 pages :
|b color illustrations ;
|c 28 cm.
|
| 362 |
|
|
|a Vol. 2
|
| 500 |
|
|
|a As per the latest CBME guidelines, competency based undergraduate curriculum for the Indian medical graduate
|
| 504 |
|
|
|a Includes bibliographical references and index.
|
| 526 |
|
|
|a PHR
|x Dr. Hasina Yasmin,
Assistant Dean and Program Director
Course name : Physiology & Anatomy I and II (PHR 103 and PHR 201)
|
| 541 |
|
|
|a Book Finder International
|e 43160, 43161, 43162, 43163, 43325, 43326, 43327, 43328, 43329, 43330, 43331, 43332, 43333, 43334, 43950
|
| 600 |
|
|
|a Chatterjee, Chandi Charan.
|9 1679
|
| 650 |
|
|
|a Human physiology.
|
| 650 |
|
|
|a Physiology.
|
| 650 |
|
|
|a Pharmacy.
|
| 710 |
|
|
|a John, Nitin Ashok.
|9 56882
|
| 852 |
|
|
|a Ayesha Abed Library
|c General Stacks
|
| 942 |
|
|
|c BK
|2 ddc
|
| 999 |
|
|
|c 46884
|d 46884
|
| 952 |
|
|
|0 0
|1 0
|2 ddc
|4 0
|6 612_000000000000000_CCC
|7 0
|9 76309
|a BRACUL
|b BRACUL
|c GEN
|d 2024-09-12
|e Book Finder International
|g 1207.00
|l 0
|o 612 CCC
|p 3010043325
|r 2024-09-12
|t 5
|v 1207.00
|w 2024-09-12
|y BK
|x Requisitioned by Dr. Hasina Yasmin for the course named- "Physiology & Anatomy I and II (PHR 103 and PHR 201)".
|
| 952 |
|
|
|0 0
|1 0
|2 ddc
|4 0
|6 612_000000000000000_CCC
|7 0
|9 76310
|a BRACUL
|b BRACUL
|c GEN
|d 2024-09-12
|e Book Finder International
|g 1207.00
|l 0
|o 612 CCC
|p 3010043333
|r 2024-09-12
|t 13
|v 1207.00
|w 2024-09-12
|y BK
|x Requisitioned by Dr. Hasina Yasmin for the course named- "Physiology & Anatomy I and II (PHR 103 and PHR 201)".
|
| 952 |
|
|
|0 0
|1 0
|2 ddc
|4 0
|6 612_000000000000000_CCC
|7 0
|9 76311
|a BRACUL
|b BRACUL
|c GEN
|d 2024-09-12
|e Book Finder International
|g 1207.00
|l 0
|o 612 CCC
|p 3010043327
|r 2024-09-12
|t 7
|v 1207.00
|w 2024-09-12
|y BK
|x Requisitioned by Dr. Hasina Yasmin for the course named- "Physiology & Anatomy I and II (PHR 103 and PHR 201)".
|
| 952 |
|
|
|0 0
|1 0
|2 ddc
|4 0
|6 612_000000000000000_CCC
|7 0
|9 76312
|a BRACUL
|b BRACUL
|c GEN
|d 2024-09-12
|e Book Finder International
|g 1207.00
|l 0
|o 612 CCC
|p 3010043334
|r 2024-09-12
|t 14
|v 1207.00
|w 2024-09-12
|y BK
|x Requisitioned by Dr. Hasina Yasmin for the course named- "Physiology & Anatomy I and II (PHR 103 and PHR 201)".
|
| 952 |
|
|
|0 0
|1 0
|2 ddc
|4 0
|6 612_000000000000000_CCC
|7 0
|9 76313
|a BRACUL
|b BRACUL
|c GEN
|d 2024-09-12
|e Book Finder International
|g 1207.00
|l 1
|m 30
|o 612 CCC
|p 3010043329
|q 2025-10-26
|r 2024-12-15
|s 2024-12-15
|t 9
|v 1207.00
|w 2024-09-12
|y BK
|x Requisitioned by Dr. Hasina Yasmin for the course named- "Physiology & Anatomy I and II (PHR 103 and PHR 201)".
|
| 952 |
|
|
|0 0
|1 0
|2 ddc
|4 0
|6 612_000000000000000_CCC
|7 0
|9 76314
|a BRACUL
|b BRACUL
|c GEN
|d 2024-09-12
|e Book Finder International
|g 1207.00
|l 2
|o 612 CCC
|p 3010043326
|r 2024-12-22
|s 2024-12-12
|t 6
|v 1207.00
|w 2024-09-12
|y BK
|x Requisitioned by Dr. Hasina Yasmin for the course named- "Physiology & Anatomy I and II (PHR 103 and PHR 201)".
|
| 952 |
|
|
|0 0
|1 0
|2 ddc
|4 0
|6 612_000000000000000_CCC
|7 0
|9 76315
|a BRACUL
|b BRACUL
|c GEN
|d 2024-09-12
|e Book Finder International
|g 1207.00
|l 0
|o 612 CCC
|p 3010043332
|r 2024-09-12
|t 12
|v 1207.00
|w 2024-09-12
|y BK
|x Requisitioned by Dr. Hasina Yasmin for the course named- "Physiology & Anatomy I and II (PHR 103 and PHR 201)".
|
| 952 |
|
|
|0 0
|1 0
|2 ddc
|4 0
|6 612_000000000000000_CCC
|7 0
|9 76316
|a BRACUL
|b BRACUL
|c GEN
|d 2024-09-12
|e Book Finder International
|g 1207.00
|l 1
|m 2
|o 612 CCC
|p 3010043328
|r 2025-10-19
|s 2025-09-30
|t 8
|v 1207.00
|w 2024-09-12
|y BK
|x Requisitioned by Dr. Hasina Yasmin for the course named- "Physiology & Anatomy I and II (PHR 103 and PHR 201)".
|
| 952 |
|
|
|0 0
|1 0
|2 ddc
|4 0
|6 612_000000000000000_CCC
|7 0
|9 76317
|a PHR
|b PHR
|d 2024-09-12
|e Book Finder International
|g 1207.00
|l 0
|o 612 CCC
|p 3010043950
|r 2024-09-12
|t 15
|v 1207.00
|w 2024-09-12
|y BK
|x Requisitioned by Dr. Hasina Yasmin for the course named- "Physiology & Anatomy I and II (PHR 103 and PHR 201)".
|
| 952 |
|
|
|0 0
|1 0
|2 ddc
|4 0
|6 612_000000000000000_CCC
|7 0
|9 76318
|a BRACUL
|b BRACUL
|c GEN
|d 2024-09-12
|e Book Finder International
|g 1207.00
|l 2
|o 612 CCC
|p 3010043331
|r 2025-09-30
|s 2025-09-22
|t 11
|v 1207.00
|w 2024-09-12
|y BK
|x Requisitioned by Dr. Hasina Yasmin for the course named- "Physiology & Anatomy I and II (PHR 103 and PHR 201)".
|
| 952 |
|
|
|0 0
|1 0
|2 ddc
|4 0
|6 612_000000000000000_CCC
|7 0
|9 76502
|a PHR
|b PHR
|d 2024-09-17
|e Book Finder International
|g 1207.00
|l 0
|o 612 CCC
|p 3010043163
|r 2024-09-17
|t 4
|v 1207.00
|w 2024-09-17
|y BK
|x Requisitioned by Dr. Hasina Yasmin for the course named- "Physiology & Anatomy I and II (PHR 103 and PHR 201)".
|
| 952 |
|
|
|0 0
|1 0
|2 ddc
|4 0
|6 612_000000000000000_CCC
|7 0
|9 76503
|a PHR
|b PHR
|d 2024-09-17
|e Book Finder International
|g 1207.00
|l 0
|o 612 CCC
|p 3010043162
|r 2024-09-17
|t 3
|v 1207.00
|w 2024-09-17
|y BK
|x Requisitioned by Dr. Hasina Yasmin for the course named- "Physiology & Anatomy I and II (PHR 103 and PHR 201)".
|
| 952 |
|
|
|0 0
|1 0
|2 ddc
|4 0
|6 612_000000000000000_CCC
|7 0
|9 76504
|a PHR
|b PHR
|d 2024-09-17
|e Book Finder International
|g 1207.00
|l 0
|o 612 CCC
|p 3010043160
|r 2024-09-17
|t 1
|v 1207.00
|w 2024-09-17
|y BK
|x Requisitioned by Dr. Hasina Yasmin for the course named- "Physiology & Anatomy I and II (PHR 103 and PHR 201)".
|
| 952 |
|
|
|0 0
|1 0
|2 ddc
|4 0
|6 612_000000000000000_CCC
|7 0
|9 76505
|a BRACUL
|b BRACUL
|c GEN
|d 2024-09-17
|e Book Finder International
|g 1207.00
|l 1
|m 4
|o 612 CCC
|p 3010043330
|r 2025-12-09
|s 2025-11-11
|t 10
|v 1207.00
|w 2024-09-17
|y BK
|x Requisitioned by Dr. Hasina Yasmin for the course named- "Physiology & Anatomy I and II (PHR 103 and PHR 201)".
|
| 952 |
|
|
|0 0
|1 0
|2 ddc
|4 0
|6 612_000000000000000_CCC
|7 0
|9 76506
|a PHR
|b PHR
|d 2024-09-17
|e Book Finder International
|g 1207.00
|l 0
|o 612 CCC
|p 3010043161
|r 2024-09-17
|t 2
|v 1207.00
|w 2024-09-17
|y BK
|x Requisitioned by Dr. Hasina Yasmin for the course named- "Physiology & Anatomy I and II (PHR 103 and PHR 201)".
|